| 000 | 00405nam a22001217a 4500 | ||
|---|---|---|---|
| 082 | _a200 THE | ||
| 100 |
_aHana Amin Khan _970224 |
||
| 245 | _aTH-SOF-1409-Affirmation of Enhanced Product Design using GD&T and Concept of Torsors in Tolerance Analysis | ||
| 260 |
_aIslamabad _bNUST College of EME _c2017 |
||
| 650 | _aMS-MECH-76 MSTHESIS | ||
| 700 |
_aSupervisor Dr Sajid Ullah Butt _969661 |
||
| 942 | _cCF | ||
| 999 |
_c577233 _d577233 |
||